000 00519cam a2200217 4500
001 D3997
008 090401t1969 xxu||||| |||| 00| 0 eng d
035 _a(Sirsi) u75996
041 _aeng
050 _a346.410435
100 _aGarner, J.F.
245 _aRights of way and access to the countryside
250 _a2nd
260 _aLondon
_bOyez Publications
_c1969
300 _a127p. 21cm
350 _a1.5
490 _aOyez Practice Notes
_v55
520 _aShelf 305
942 _n0
948 _c04/03/1997
999 _c96102
_d96102